000 00264nam a2200109Ia 4500
005 20251222175818.0
008 251222s9999||||xx |||||||||||||| ||spa||
082 _aDVD0140/R34/1954
245 0 _aEl tercer hombre
264 _bReed, Carol. David, O.
942 _cDVD
999 _c40386
_d40386